<?xml version="1.0" encoding="UTF-8"?><?xml-stylesheet type="text/xsl" href="static/style.xsl"?><OAI-PMH xmlns="http://www.openarchives.org/OAI/2.0/" xmlns:xsi="http://www.w3.org/2001/XMLSchema-instance" xsi:schemaLocation="http://www.openarchives.org/OAI/2.0/ http://www.openarchives.org/OAI/2.0/OAI-PMH.xsd"><responseDate>2026-04-29T17:05:33Z</responseDate><request verb="GetRecord" identifier="oai:riubu.ubu.es:10259/10006" metadataPrefix="marc">https://riubu.ubu.es/oai/request</request><GetRecord><record><header><identifier>oai:riubu.ubu.es:10259/10006</identifier><datestamp>2025-01-24T01:05:27Z</datestamp><setSpec>com_10259.4_2557</setSpec><setSpec>com_10259_5086</setSpec><setSpec>com_10259_2604</setSpec><setSpec>col_10259.4_2558</setSpec></header><metadata><record xmlns="http://www.loc.gov/MARC21/slim" xmlns:doc="http://www.lyncode.com/xoai" xmlns:xsi="http://www.w3.org/2001/XMLSchema-instance" xmlns:dcterms="http://purl.org/dc/terms/" xsi:schemaLocation="http://www.loc.gov/MARC21/slim http://www.loc.gov/standards/marcxml/schema/MARC21slim.xsd">
<leader>00925njm 22002777a 4500</leader>
<datafield tag="042" ind1=" " ind2=" ">
<subfield code="a">dc</subfield>
</datafield>
<datafield tag="720" ind1=" " ind2=" ">
<subfield code="a">Santamaría Sanz, Lucía</subfield>
<subfield code="e">author</subfield>
</datafield>
<datafield tag="260" ind1=" " ind2=" ">
<subfield code="c">2023-08</subfield>
</datafield>
<datafield tag="520" ind1=" " ind2=" ">
<subfield code="a">The spectrum of bound and scattering states of the one dimensional Dirac Hamiltonian describing fermions distorted by a static background built from two Dirac delta potentials is studied. A distinction will be made between 'mass-spike' and 'electrostatic' δ-potentials. The second quantisation is then performed to promote the relativistic quantum mechanical problem to a relativistic quantum field theory and study the quantum vacuum interaction energy for fermions confined between opaque plates. The work presented here is a continuation of (Guilarte et al 2019 Front. Phys.7 109).</subfield>
</datafield>
<datafield tag="024" ind2=" " ind1="8">
<subfield code="a">1751-8113</subfield>
</datafield>
<datafield tag="024" ind2=" " ind1="8">
<subfield code="a">http://hdl.handle.net/10259/10006</subfield>
</datafield>
<datafield tag="024" ind2=" " ind1="8">
<subfield code="a">10.1088/1751-8121/acef0d</subfield>
</datafield>
<datafield tag="024" ind2=" " ind1="8">
<subfield code="a">1751-8121</subfield>
</datafield>
<datafield tag="245" ind1="0" ind2="0">
<subfield code="a">One-dimensional scattering of fermions in double Dirac delta potentials</subfield>
</datafield>
</record></metadata></record></GetRecord></OAI-PMH>